Selected writings on chariots and other early vehicles, riding and harness /

محفوظ في:

المؤلف الرئيسي: Littauer, M. A. (مؤلف)

مؤلفون آخرون: Crouwel, J.H., Raulwing, Peter.

التنسيق: كتاب

اللغة: English

منشور في: Leiden ; Boston : Brill, 2002.

سلاسل: Culture and History of the ancient Near East, 6.
CHANE ; 6.

الموضوعات:

الوسوم: إضافة وسم

لا توجد وسوم, كن أول من يضع وسما على هذه التسجيلة!

رقم الطلب: DS41 .C85 v.6

LEADER 01100namaa2200301 4500
001 12411
003 OSt
005 20250821112943.0
008 130303s2002 ne af b 001 0 eng d
020 |a 9004117997 
040 |c ARCE Library 
050 4 |a DS41 .C85 v.6 
100 1 |a Littauer, M. A.,  |e author  |9 34828 
245 1 0 |a Selected writings on chariots and other early vehicles, riding and harness /  |c M. A. Littauer, J. H. Crouwel ; edited by Peter Raulwing 
264 1 |a Leiden ;  |a Boston :  |b Brill,  |c 2002. 
300 |a xlvi, 609 pages, [107] pages of plates :  |b illustrations ;  |c 25 cm. 
490 1 |a Culture and History of the ancient Near East,   |x 1566-2055 ;   |v 6. 
490 1 |a CHANE ;   |v 6. 
504 |a Includes bibliographical references (pages [550]-589) and indexes. 
650 0 |a Chariots  |x History. 
650 0 |a Horse-drawn vehicles  |x History. 
700 1 |a Crouwel, J.H.   |9 28451 
700 1 |a Raulwing, Peter.  |9 38217 
830 0 |a Culture and History of the ancient Near East,   |x 1566-2055 ;   |v 6. 
830 0 |a CHANE ;   |v 6. 
901 |a reviewed 
942 |c BK  |2 lcc 
999 |c 10919  |d 10919